Simulátor zbernice VME /

Guardado en:
Detalles Bibliográficos
Autor principal: Zeman, Peter (Autor)
Autor Corporativo: Katedra informatiky a výpočtovej techniky EF STU
Otros Autores: Čičák, Pavel, 1955- (Orientador)
Formato: Manuscrito Libro
Lenguaje:eslovaco
Publicado: Bratislava : Slovenská technická univerzita v Bratislave 1992,
Etiquetas: Agregar Etiqueta
Sin Etiquetas, Sea el primero en etiquetar este registro!

MARC

LEADER 00000ntm a22000003a 4500
001 0065214
003 SK-STU
005 20180522153241.9
007 ta
008 180522s2018----xo-----f-mn---000-0-slo-d
040 |a STU  |b slo 
041 0 |a slo 
044 |a xo  |c SK 
100 1 |a Zeman, Peter  |4 aut 
245 1 0 |a Simulátor zbernice VME /  |c aut. Peter Zeman ; škol. Pavel Čičák 
260 |c 1992,  |a Bratislava :  |b Slovenská technická univerzita v Bratislave 
300 |a 52 s. 
700 1 |a Čičák, Pavel,  |d 1955-  |u 070100  |r Z1  |4 ths  |U FIIT Fakulta informatiky a informačných technológií  |T FIIT Ústav počítačových systémov a sietí  |X 1926  |U I100  |Y 178  |7 1926 
710 2 |a Katedra informatiky a výpočtovej techniky EF STU 
996 |c I*DP90/92  |l II680  |s P  |a 0  |w 0065214_0001